[Event "AUS-ch"]
[Site "Adelaide"]
[Date "1980.??.??"]
[Round "?"]
[White "Jamieson, Robert Murray"]
[Black "Purdy, John S"]
[Result "1-0"]
[WhiteElo "2415"]
[BlackElo "2235"]

1.e4 c5 2.c3 Nf6 3.e5 Nd5 4.d4 cxd4 5.Nf3 Nc6 6.cxd4 d6 7.Bc4 dxe5 8.dxe5 e6
9.O-O Be7 10.Qe2 O-O 11.Nc3 Nxc3 12.bxc3 Qc7 13.Bd3 Rd8 14.Qe4 g6 15.Bh6 b6
16.Rad1 Bb7 17.Qf4 Rd7 18.Be4 Rxd1 19.Rxd1 Rd8 20.Re1 Rd7 21.h4 Qd8 22.h5 Rd1
23.Rxd1 Qxd1+ 24.Kh2 Qe2 25.hxg6 hxg6 26.Bg5 Qc4 27.Bf6 Bxf6 28.exf6 Qc5
29.Ng5 Kf8 30.Nxe6+ fxe6 31.Qh6+ Ke8 32.Qh8+ Kd7 33.f7  1-0

[Event "Baerum"]
[Site "Baerum"]
[Date "1980.??.??"]
[Round "1"]
[White "Regan, Kenneth"]
[Black "Bjerke, Richard"]
[Result "1/2-1/2"]
[WhiteElo "2410"]
[BlackElo "2200"]

1.e4 c5 2.c3 Nf6 3.e5 Nd5 4.d4 cxd4 5.cxd4 Nc6 6.Nc3 e6 7.Nf3 d6 8.Bd3 Be7
9.O-O Nxc3 10.bxc3 dxe5 11.dxe5 b6 12.Qa4 Qc7 13.Nd4 Bd7 14.Nb5 Qc8 15.Qg4 Kf8
16.Bg5 Nxe5 17.Bxe7+ Kxe7 18.Qg5+ f6 19.Qxg7+ Nf7 20.Nd4 Qc5 21.Qg3 Rag8
22.Qe3 Ne5  1/2-1/2

[Event "Baerum"]
[Site "Baerum"]
[Date "1980.??.??"]
[Round "7"]
[White "Regan, Kenneth"]
[Black "Morris, Walter D"]
[Result "1-0"]
[WhiteElo "2410"]
[BlackElo "2380"]

1.e4 c5 2.c3 Nf6 3.e5 Nd5 4.d4 cxd4 5.cxd4 d6 6.Nf3 Nc6 7.Bc4 e6 8.O-O Be7
9.Qe2 O-O 10.Nc3 Nxc3 11.bxc3 dxe5 12.dxe5 b6 13.Qe4 Bb7 14.Bd3 g6 15.Bh6 Na5
16.Qe3 Re8 17.Bb5 Bc6 18.Bxc6 Nxc6 19.Rae1 Qc7 20.Qf4 f5 21.g4 fxg4 22.Qxg4 Nd8
23.h4 Nf7 24.Bd2 Kh8 25.Re4 Bf8 26.h5 Bh6 27.Bxh6 Nxh6 28.Qg5 Qg7 29.Kh1 Nf5
30.Rg1 Rg8 31.hxg6 Rac8 32.Qf6 Qxf6 33.exf6 Rxg6 34.Rxg6 hxg6 35.Rxe6 Rf8
36.Ne5 Kh7 37.Kg2 Kh6 38.f7  1-0

[Event "Berlin tt"]
[Site "Berlin-West"]
[Date "1980.??.??"]
[Round "?"]
[White "McCarthy, Brian"]
[Black "Williams, Arthur H"]
[Result "0-1"]
[WhiteElo "2200"]
[BlackElo "2270"]

1.e4 c5 2.c3 Nf6 3.e5 Nd5 4.d4 cxd4 5.cxd4 d6 6.Nf3 Nc6 7.Bc4 Nb6 8.Bb5 dxe5
9.Nxe5 Bd7 10.Bxc6 Bxc6 11.Nxc6 bxc6 12.O-O g6 13.Re1 Bg7 14.Bg5 O-O 15.Nc3 Re8
16.Qf3 Nd5 17.Rad1 Qd7 18.h3 Rab8 19.Re2 Rb4 20.Red2 a5 21.Ne4 Qa7 22.Be3 Qb8
23.b3 f5 24.Nc5 f4 25.Na6 Qd6 26.Nxb4 axb4 27.Bxf4 Nxf4 28.Rc2 Nd5 29.Rdc1 Nc3
30.a3 Rf8 31.Qg4 h5 32.Qg3 Qxg3 33.fxg3 Bxd4+ 34.Kh2 bxa3  0-1

[Event "Berlin tt"]
[Site "Berlin-West"]
[Date "1980.??.??"]
[Round "?"]
[White "McCarthy, Brian"]
[Black "Schneider, B."]
[Result "1-0"]
[WhiteElo "2200"]
[BlackElo "2200"]

1.e4 c5 2.c3 Nf6 3.e5 Nd5 4.d4 cxd4 5.Nf3 Nc6 6.cxd4 d6 7.Bc4 e6 8.O-O Nb6
9.Bb3 Be7 10.Qe2 O-O 11.Rd1 d5 12.Nbd2 Bd7 13.a3 Rc8 14.Qd3 f5 15.exf6 Bxf6
16.Bc2 g6 17.Nb3 Na4 18.Qe2 Re8 19.Ne5 Nxe5 20.dxe5 Bg7 21.Nd4 a6 22.Rb1 Qh4
23.g3 Qh3 24.f4 Bf8 25.Be3 Bc5 26.Bd3 Ba7 27.Qf3 Qh6 28.h4 Qf8 29.Rd2 Nc5
30.Bc2 Bc6 31.h5 Ne4 32.Rh2 g5 33.Bxe4 Bxd4 34.Bxh7+ Kxh7 35.Bxd4 Qf5 36.Re1 Bb5
37.g4 Qf7 38.Rf2 Rf8 39.f5 Rc4 40.Qe3 Re8 41.Kh2 Bd7 42.fxe6 Qxe6 43.Qd3+ Kh8
44.Rf6 Qg8 45.Rh6+ Kg7 46.Qg6+  1-0

[Event "Berlin tt"]
[Site "Berlin-West"]
[Date "1980.??.??"]
[Round "?"]
[White "Wockenfuss, Klaus"]
[Black "Hartston, William R"]
[Result "0-1"]
[WhiteElo "2365"]
[BlackElo "2465"]

1.e4 c5 2.c3 Nf6 3.e5 Nd5 4.d4 cxd4 5.Qxd4 e6 6.Nf3 Nc6 7.Qe4 f5 8.exf6 Nxf6
9.Qh4 e5 10.Bg5 d5 11.Bb5 Bd6 12.O-O O-O 13.c4 e4 14.cxd5 exf3 15.dxc6 fxg2
16.Re1 Qc7 17.Bxf6 gxf6 18.Nc3 bxc6 19.Bc4+ Kh8 20.Re3 Be5 21.Rd1 Bf5 22.Bd3 Be6
23.Be4 Rg8 24.Red3 Rg4 25.Rd8+ Rxd8 26.Rxd8+ Rg8 27.Rxg8+ Bxg8 28.Kxg2 Qg7+
29.Kf3 Qg1 30.Qh6 c5 31.Ne2 Qxh2 32.Qf8 Qh5+ 33.Ke3 Bxb2 34.Nf4 Bd4+ 35.Kd2 Qg5
36.Qb8 Be5  0-1

[Event "COL-ch"]
[Site "Bogota"]
[Date "1980.??.??"]
[Round "?"]
[White "Zapata, Alonso"]
[Black "Garcia, L."]
[Result "1/2-1/2"]
[WhiteElo "2410"]
[BlackElo "2370"]

1.e4 c5 2.c3 Nf6 3.e5 Nd5 4.d4 cxd4 5.Nf3 Nc6 6.cxd4 d6 7.Bc4 dxe5 8.dxe5 Nb6
9.Qxd8+ Nxd8 10.Bd3 g6 11.O-O Bg7 12.Nc3 Bg4 13.Bb5+ Nc6 14.Nd4 Bd7 15.Nxc6 bxc6
16.e6 fxe6 17.Be2 O-O 18.Ne4 Bd4 19.Bg4 e5 20.Bxd7 Nxd7 21.Ng5 Rab8 22.Rb1 c5
23.b3 Rb6 24.Bd2 Ra6 25.a4 Rb8 26.a5 Rc6 27.Rfc1 a6 28.Rc4 h6 29.Nf3 g5 30.b4 g4
31.Ne1 e4 32.Nc2 e5 33.Re1 h5 34.Rxe4 Rf6 35.Nxd4 cxd4 36.Rc7 Rd6 37.Kf1 Rb5
38.Re1 Kf7 39.Rec1 Ke6 40.R1c6 Rd5 41.Rc1 Rb5 42.R1c5  1/2-1/2

[Event "COL-ch"]
[Site "Bogota"]
[Date "1980.??.??"]
[Round "?"]
[White "Zapata, Alonso"]
[Black "Ruiz, Alciguel"]
[Result "1/2-1/2"]
[WhiteElo "2410"]
[BlackElo "2200"]

1.e4 c5 2.c3 Nf6 3.e5 Nd5 4.d4 cxd4 5.Nf3 Nc6 6.cxd4 d6 7.Bc4 e6 8.O-O Be7
9.Qe2 O-O 10.Nc3 Nxc3 11.bxc3 b6 12.Bd3 Bb7 13.Qe4 g6 14.Bh6 Re8 15.Rad1 Rc8
16.Qf4 dxe5 17.dxe5 Qc7 18.h4 Na5 19.h5 Bxf3 20.gxf3 Nc4 21.Bxc4 Qxc4 22.Rd4 Qxc3
23.Rd7 Qb4 24.Rd4 Qc5 25.Kg2 Red8 26.Re4 Rd5 27.Rh1 Bf8 28.Bg5 Qc7 29.Bf6 Qd7
30.Qh4 Rc2 31.Rg4 Rdd2 32.hxg6 Rxf2+ 33.Qxf2 Rxf2+ 34.Kxf2 Bc5+ 35.Kg3 fxg6
36.Re4 h5 37.Rh2 Qd1 38.Ree2 Qg1+ 39.Rhg2 Qh1 40.Rd2 g5 41.Bxg5 Kf7 42.Bf6 Be3
43.Rde2 Bc5 44.Re4 Bb4 45.Kf2 Bc5+ 46.Kg3 Bb4 47.Kf2  1/2-1/2

[Event "Bydgoszcz"]
[Site "Bydgoszcz"]
[Date "1980.??.??"]
[Round "?"]
[White "Maciejewski, Andrzej"]
[Black "Panczyk, Krzysztof"]
[Result "1/2-1/2"]
[WhiteElo "2370"]
[BlackElo "2310"]

1.e4 c5 2.c3 Nf6 3.e5 Nd5 4.d4 Nc6 5.Nf3 cxd4 6.cxd4 d6 7.Bc4 Nb6 8.Bb5 dxe5
9.Nxe5 Bd7 10.Bxc6 Bxc6 11.Nxc6 bxc6 12.O-O g6 13.Nc3 Bg7 14.Be3 O-O  1/2-1/2

[Event "GER-N chT 7980"]
[Site "Germany"]
[Date "1980.??.??"]
[Round "?"]
[White "Liersch, Andreas"]
[Black "Franke, Reiner"]
[Result "1/2-1/2"]
[WhiteElo "2200"]
[BlackElo "2240"]

1.e4 c5 2.c3 Nf6 3.e5 Nd5 4.d4 cxd4 5.Qxd4 e6 6.Nf3 Nc6 7.Qe4 d6 8.Nbd2 dxe5
9.Nxe5 Nf6 10.Nxc6 Qc7 11.Qe5 Bd6 12.Qg5 bxc6 13.Qxg7 Ke7 14.Qxh8 Bb7 15.Qg7 Bf4
16.Ne4 Nxe4 17.Bd3 Bxc1 18.Bxe4 Ba6 19.Qd4 c5 20.Qa4 Qf4 21.Qc2 Bxb2 22.Bxa8 Bxa1
23.g3 Qe5+ 24.Kd2 Qd6+ 25.Kc1 Bd3 26.Qb3 c4 27.Qb4 Qxb4 28.cxb4 Bd4 29.Kd2 Bxf2
30.Bf3 Bd4 31.Be2 Be4 32.Rc1 c3+ 33.Rxc3 Bxc3+ 34.Kxc3 Bd5 35.a4 Kd6 36.g4 f6
37.Kd4 e5+ 38.Ke3 h6 39.Bd3 Be6 40.h3 Bd5 41.Bg6 Bg2 42.h4 Bd5 43.Bc2 Bc6
44.Kf2 Bd5 45.Kg3 Bb7 46.Bb3 Be4 47.Kf2 Bb7 48.Ke3 Bc8 49.Bd1 Bb7 50.Be2 Bd5
51.Kd3 Kc6  1/2-1/2

[Event "Favorite"]
[Site "Hamburg"]
[Date "1980.??.??"]
[Round "11"]
[White "Kurajica, Bojan"]
[Black "Holm Petersen, Sejer"]
[Result "1-0"]
[WhiteElo "2525"]
[BlackElo "2395"]

1.e4 c5 2.c3 Nf6 3.e5 Nd5 4.d4 cxd4 5.Qxd4 e6 6.Nf3 Nc6 7.Qe4 f5 8.exf6 Nxf6
9.Qc2 d5 10.Bg5 e5 11.Bb5 Bd6 12.Nbd2 O-O 13.Nf1 e4 14.N3d2 a6 15.Be2 h6
16.Be3 Qc7 17.h3 Bd7 18.Nb3 Rac8 19.Ng3 b5 20.O-O Ne5 21.Nd4 Nh7 22.Qd1 Ng5
23.Nc2 Be6 24.Ne1 Rcd8 25.Nh5 Nc4 26.b3 Nxe3 27.fxe3 Bc5 28.Nc2 Rxf1+ 29.Bxf1 Bxh3
30.Nf4 Be6 31.Nd4 Bf7 32.a4 Qb7 33.axb5 axb5 34.Ra5 Be8 35.Bxb5 Ra8 36.Rxa8 Qxa8
37.Bxe8 Qxe8 38.Nc2 Kh7 39.Qxd5 Qf8 40.Ne6 Nxe6 41.Qxe4+  1-0

[Event "Hillerod op"]
[Site "Hillerod"]
[Date "1980.??.??"]
[Round "?"]
[White "Nicolaisen, Erik"]
[Black "Madsen, Peder"]
[Result "1/2-1/2"]
[WhiteElo "2200"]
[BlackElo "2200"]

1.e4 c5 2.c3 Nf6 3.e5 Nd5 4.d4 cxd4 5.Bc4 Nb6 6.Bb3 dxc3 7.Nxc3 Nc6 8.Nf3 d6
9.exd6 Qxd6 10.Qxd6 exd6 11.Ng5 d5 12.Nxd5 Nxd5 13.Bxd5 Bb4+ 14.Bd2 O-O 15.O-O-O Bf5
16.Be4 Bxe4 17.Nxe4 Rfe8 18.Rhe1 Bxd2+ 19.Nxd2 Rxe1 20.Rxe1 Nb4 21.Kb1 Nd3
22.Re7 b6 23.f3 Rc8 24.Nb3 a5 25.Rd7 Ne5 26.Rd4 f6 27.Nd2 Rc6 28.h3 Re6 29.Ne4 Kf7
30.Nd6+ Kf8 31.Ne4 Ke7 32.a3 h6 33.Ka2 f5 34.Nc3 Rd6 35.Rd5 Ke6 36.Rb5 Nc4
37.Kb3 Ne3 38.g3 Nf1 39.Na4 Nd2+ 40.Kc3 Nxf3 41.Nxb6 Ng5 42.Nc4 Ne4+ 43.Kc2 Rc6
44.Kd3 Nxg3 45.Nxa5 Rd6+ 46.Ke3 g5 47.Nc4 f4+ 48.Kf2 Rd1 49.a4 Rc1 50.b3 Rc2+
51.Kf3 Rc3+ 52.Kg2 Rc2+ 53.Kf3 Rc3+ 54.Kg2 Rc2+ 55.Kf3 Nf5 56.Rb6+ Ke7 57.Ke4 Ng3+
58.Kf3  1/2-1/2

[Event "Hillerod op"]
[Site "Hillerod"]
[Date "1980.??.??"]
[Round "?"]
[White "Nicolaisen, Erik"]
[Black "Pedersen, Kim"]
[Result "0-1"]
[WhiteElo "2200"]
[BlackElo "2260"]

1.e4 c5 2.c3 Nf6 3.e5 Nd5 4.d4 cxd4 5.cxd4 e6 6.Nf3 d6 7.Be2 Nc6 8.O-O Bd7
9.Re1 dxe5 10.dxe5 Bc5 11.Bc4 Qb6 12.Qe2 Nce7 13.Nbd2 Nf4 14.Qf1 Bc6 15.Nb3 Nh3+
16.gxh3 Bxf3 17.Nxc5 Qxc5 18.Bf4 Qd4 19.Bg3 h5 20.Re3 Bc6 21.Rd1 Qxb2 22.Qd3 Nf5
23.Re2 Qb6 24.Rb1 Qd4 25.Qb3 h4 26.Rd1 Qc5 27.Bxe6 fxe6 28.Qxe6+ Ne7 29.Bf4 Bd5
30.Qg4 Qc8 31.e6 Qc6 32.Re3 O-O 33.Be5 Nf5 34.e7 Rf7 35.Rc3 Qe6 36.Rcd3 Nxe7
37.Rxd5 Qxg4+ 38.hxg4 Nxd5 39.Rxd5 Rc8 40.Rd2 h3 41.f4 g5 42.f5 Rc4 43.f6 Rxg4+
44.Kf1 Re4 45.Rd5 Kh7 46.Kf2 Kg6 47.Kf3 Ra4 48.Bd4 Rxa2 49.Kg4 Rg2+ 50.Kxh3 Rd2
51.Kg4 Rxd4+ 52.Rxd4 Rxf6 53.Rd7 Rb6 54.Rd4 a5 55.Rd5 Rb4+ 56.Kg3 b5 57.Rd6+ Kh5
58.Rd8 Rb3+ 59.Kf2 a4 60.Ke2 a3 61.Ra8 b4 62.Kd1 Rb2 63.Kc1 Kg4 64.Rb8 Kh3
65.Rh8+ Kg2  0-1

[Event "Malta ol (Women)"]
[Site "La Valetta"]
[Date "1980.??.??"]
[Round "?"]
[White "Laakmann, Anni"]
[Black "Chilingirova, Pavlina"]
[Result "1-0"]
[WhiteElo "2110"]
[BlackElo "1940"]

1.e4 c5 2.c3 Nf6 3.e5 Nd5 4.d4 Nc6 5.Nf3 cxd4 6.cxd4 d6 7.Bc4 e6 8.O-O Be7
9.Qe2 Nb6 10.Bb3 O-O 11.Nc3 d5 12.Bc2 Nb4 13.Bb1 Nc4 14.a3 Nc6 15.Qd3 g6
16.b3 N4a5 17.Bc2 a6 18.Bh6 Re8 19.Ne2 Bd7 20.Qe3 f6 21.exf6 Bxf6 22.Nf4 e5
23.Nxd5 Nxd4 24.Nxf6+ Qxf6 25.Nxd4 exd4 26.Qd2 Nc6 27.Rad1 Be6 28.Rfe1 Bd5
29.b4 Qf7 30.h3 Rxe1+ 31.Rxe1 Re8 32.Rxe8+ Qxe8 33.Qf4 Qe1+ 34.Kh2 Qe5 35.Bd3 Qxf4+
36.Bxf4 b5 37.Kg3 Kf7 38.f3 Ke6 39.Kf2 Ne5 40.Bxe5 Kxe5 41.g3 Kf6 42.f4 h6
43.h4 h5 44.Bf1 Ke6 45.Bd3 Kf6 46.Ke1 Bf3 47.Kd2 Bg4 48.Be4 Bf5 49.Bb7 Bd7
50.Kd3 Kf5 51.Bf3 Be8 52.Kxd4 Bf7 53.Kc5 Bc4 54.Kb6 Bd3 55.Kxa6  1-0

[Event "Malta ol (Women)"]
[Site "La Valetta"]
[Date "1980.??.??"]
[Round "?"]
[White "Jackson, Sheila"]
[Black "Gocheva, Rumiana B"]
[Result "1-0"]
[WhiteElo "2165"]
[BlackElo "2000"]

1.e4 c5 2.c3 Nf6 3.e5 Nd5 4.d4 Nc6 5.Nf3 cxd4 6.cxd4 d6 7.Be2 e6 8.O-O Be7
9.a3 b6 10.Bd2 Bb7 11.Bd3 g5 12.exd6 Qxd6 13.Nc3 Nxc3 14.bxc3 O-O-O 15.Bxg5 Rdg8
16.Be3 h5 17.Qe2 Kb8 18.Rfd1 Bd8 19.Ne1 Bc7 20.f4 Ne7 21.c4 Ng6 22.Bxg6 Rxg6
23.Qf1 Rhg8 24.Rd2 h4 25.Raa2 h3 26.g3 Qc6 27.d5 exd5 28.cxd5 Qc3 29.Rd3 Qc4
30.Rc2 Qe4 31.Qxh3 Bxf4 32.Bxf4+ Qxf4 33.Qg2 Qe5 34.Re2 Qd6 35.Red2 Ba6 36.Re3 Rf6
37.Nf3 Qc5 38.Qf2 Rd8 39.Kg2 Bc4 40.Rc3 Qxf2+ 41.Kxf2 Rxd5 42.Rxd5 Bxd5 43.Ke2 b5
44.Nd4 Bc4+ 45.Ke3 Kb7 46.h4 Kb6 47.Ke4 a5 48.g4 Rf1 49.h5 Rh1 50.Kf5 a4
51.Kf6 Kc5 52.Nc2 Rh4 53.Rg3 Bb3 54.Nb4 Kd4 55.Kg7 f5 56.gxf5 Rxh5 57.f6 Rf5
58.Nc6+ Kc5 59.Ne7 Rf1 60.Rg5+ Kd4 61.Rxb5 Kc3 62.Nf5 Kb2 63.f7 Rxf5 64.Rxf5 Bxf7
65.Kxf7 Kxa3 66.Rb5  1-0

[Event "Malta ol (Women)"]
[Site "La Valetta"]
[Date "1980.??.??"]
[Round "?"]
[White "Guggenberger, Ilse D"]
[Black "Cronin, April"]
[Result "1-0"]
[WhiteElo "1935"]
[BlackElo "2000"]

1.e4 c5 2.c3 Nf6 3.e5 Nd5 4.d4 cxd4 5.Qxd4 e6 6.Bc4 Nc6 7.Qe4 f5 8.Qe2 Nb6
9.Bb3 Be7 10.Nf3 O-O 11.Be3 d6 12.Bxb6 axb6 13.exd6 Qxd6 14.Nbd2 Bf6 15.Rd1 Kh8
16.O-O Qc7 17.Rfe1 e5 18.Nc4 e4 19.Nfd2 Be6 20.Ne3 Bxb3 21.axb3 Be5 22.h3 Rad8
23.Ndc4 b5 24.Nxe5 Qxe5 25.Rxd8 Rxd8 26.Rd1 Rxd1+ 27.Qxd1 b4 28.Qd7 g6 29.Qc8+ Kg7
30.Qxb7+ Ne7 31.Qxb4 f4 32.Ng4 Qg5 33.Qxe4 Kg8 34.Qe5  1-0

[Event "Malta ol (Men)"]
[Site "La Valetta"]
[Date "1980.??.??"]
[Round "?"]
[White "Hermann, Manfred"]
[Black "Ristoja, Thomas W"]
[Result "1-0"]
[WhiteElo "2405"]
[BlackElo "2330"]

1.e4 c5 2.c3 Nf6 3.e5 Nd5 4.d4 cxd4 5.cxd4 d6 6.Nf3 Nc6 7.Bc4 Nb6 8.Bb5 e6
9.O-O Bd7 10.Nc3 Be7 11.d5 exd5 12.exd6 Bxd6 13.Nxd5 Ne7 14.Nxb6 axb6 15.Bxd7+ Qxd7
16.Re1 O-O 17.Bf4 Nc8 18.Qd3 h6 19.Rad1 Rd8 20.Ne5 Qa4 21.Re4 Bf8 22.Qxd8 Qxe4
23.Nd7 Qe7 24.Nxf8 Qxf8 25.Qc7 Qc5 26.Rd8+ Kh7 27.Qxf7 Ra4 28.Qg8+ Kg6 29.Qe8+  1-0

[Event "Malta ol (Women)"]
[Site "La Valetta"]
[Date "1980.??.??"]
[Round "?"]
[White "Campos, Milena"]
[Black "Lematschko, Tatjana"]
[Result "0-1"]
[WhiteElo "2000"]
[BlackElo "2235"]

1.e4 c5 2.c3 Nf6 3.e5 Nd5 4.d4 Nc6 5.Nf3 cxd4 6.cxd4 d6 7.Bc4 e6 8.O-O Be7
9.Re1 O-O 10.a3 Qb6 11.Bxd5 exd5 12.Nc3 Be6 13.Qd3 h6 14.b4 Rfd8 15.Ne2 Bg4
16.Bb2 Bxf3 17.Qxf3 a5 18.Qxd5 dxe5 19.Qe4 axb4 20.d5 bxa3 21.Bc3 Nd4 22.Bxd4 exd4
23.Qxe7 Re8 24.Qh4 d3 25.Qd4 Qxd4 26.Nxd4 Rxe1+ 27.Rxe1 a2 28.Nb3 Ra3 29.Na1 Ra5
30.Rd1 Rxd5 31.Kf1 Rb5 32.Ke1 Rb1 33.Kd2 b5 34.Rc1 b4 35.f3 Kh7 36.h4 Kg6
37.g4 Kf6 38.f4 Ke6 39.Re1+ Kd5 40.g5 Rxe1 41.Kxe1 Kc4 42.Kd2 b3  0-1

[Event "Malta ol (Women)"]
[Site "La Valetta"]
[Date "1980.??.??"]
[Round "?"]
[White "Brustman, Agnieszka"]
[Black "Chilingirova, Pavlina"]
[Result "1/2-1/2"]
[WhiteElo "2010"]
[BlackElo "1940"]

1.e4 c5 2.c3 Nf6 3.e5 Nd5 4.d4 Nc6 5.Nf3 cxd4 6.cxd4 d6 7.Bc4 Nb6 8.Bb3 Nxe5
9.Nxe5 dxe5 10.dxe5 Qxd1+ 11.Bxd1 e6 12.O-O Bc5 13.Nc3 O-O 14.Re1 Bd7 15.Bf3 Nc4
16.Re4 b5 17.b3 Nxe5 18.Rxe5 Bd4 19.Re3 Rac8 20.Bb2 Bxe3 21.fxe3 b4 22.Ne4 Rc2
23.Bd4 Rfc8 24.Bxa7 Rc1+ 25.Rxc1 Rxc1+ 26.Kf2 Rc2+ 27.Kg3 Rxa2 28.Bc5 Rb2
29.Bd4 Ra2 30.Nd6 Ra3 31.Nb7 Bb5 32.Nc5 Bf1 33.Kf2 Bb5 34.Be4 Ra2+ 35.Kg3 Rd2
36.Nb7 Be2 37.Bf3 Bxf3 38.Kxf3 Rc2 39.Na5 f6 40.Nc4 e5 41.Bc5  1/2-1/2

[Event "Malta ol (Men)"]
[Site "La Valetta"]
[Date "1980.??.??"]
[Round "?"]
[White "Whyte, B."]
[Black "Heim, Sverre"]
[Result "0-1"]
[WhiteElo "2200"]
[BlackElo "2335"]

1.e4 c5 2.c3 Nf6 3.e5 Nd5 4.d4 cxd4 5.Qxd4 e6 6.Nf3 Nc6 7.Qe4 d6 8.Bb5 Bd7
9.exd6 Bxd6 10.O-O O-O 11.Re1 Qc7 12.Nbd2 Rac8 13.Nc4 Be7 14.Qe2 a6 15.Bxc6 Bxc6
16.a4 Nxc3 17.bxc3 Bxf3 18.Qxf3 Qxc4 19.Qxb7 Rc7 20.Qf3 Qxc3 21.Be3 Qc6 22.Qg3 Bd6
23.Bf4 Bxf4 24.Qxf4 Qc4 25.Qe3 Rfc8 26.h3 Qc5 27.Qxc5 Rxc5 28.Reb1 Ra5 29.Rb4 g6
30.Rd1 Rc2 31.g4 Rac5 32.Rd7 R2c4 33.Rd4 Rxd4 34.Rxd4 h5 35.Kg2 Kg7 36.Rb4 hxg4
37.hxg4 Kf6 38.Kg3 g5 39.Rb6 Ra5 40.Rb4 Ke5 41.f4+ gxf4+ 42.Rxf4 f6 43.Rb4 Rd5
44.Rb6 Rd6 45.Rb4 Rd4 46.Rb6 Rxa4 47.Rb7 Rd4 48.Ra7 Rd6 49.Rh7 Rd3+ 50.Kh4 Rd4
51.Kg3 f5 52.gxf5 Rd3+ 53.Kf2 exf5 54.Rh4 Rd4 55.Rh6 a5 56.Ra6 Rd5 57.Ke3 Rb5
58.Ra8 Rb3+ 59.Ke2 Ra3 60.Re8+ Kf4 61.Ra8 Ra2+  0-1

[Event "Malta ol (Men)"]
[Site "La Valetta"]
[Date "1980.??.??"]
[Round "?"]
[White "Levy, David Neil Lawrence"]
[Black "Pomar Salamanca, Arturo"]
[Result "0-1"]
[WhiteElo "2310"]
[BlackElo "2410"]

1.e4 c5 2.c3 Nf6 3.e5 Nd5 4.d4 Nc6 5.Nf3 cxd4 6.cxd4 d6 7.Bc4 e6 8.O-O Be7
9.Nbd2 O-O 10.Ne4 dxe5 11.dxe5 Qc7 12.Bxd5 exd5 13.Nc3 d4 14.Nd5 Qd8 15.Nxe7+ Qxe7
16.Bg5 Qb4 17.Qd3 Bg4 18.Bf4 Bh5 19.Nh4 Rfe8 20.Rfe1 Qxb2 21.Reb1 Qc3 22.Qxc3 dxc3
23.Rxb7 Nxe5 24.Bxe5 Rxe5 25.Rc7 Rae8 26.h3 g5 27.Nf3 Bxf3 28.gxf3 Re1+ 29.Rxe1 Rxe1+
30.Kg2 Ra1 31.Rxc3 Rxa2 32.Rc7 Kg7 33.Kg3 Kg6 34.Rc6+ f6 35.Rc5 h5 36.Rd5 h4+
37.Kg2 a5 38.Kf1 a4 39.Ra5 a3 40.Kg2 Kf7 41.Ra6 Ke7 42.f4 gxf4 43.Kf3 Kd7
44.Rxf6 Rb2 45.Rxf4 a2 46.Ra4 Kc6 47.Kg4 Rb4+ 48.Rxb4 a1=Q 49.Rf4 Kd5 50.Kxh4 Qg1
51.Rf8 Qg2 52.Rf4 Ke5 53.Rg4 Qxf2+ 54.Kh5 Qf6 55.Rg5+ Kf4 56.Rg4+ Kf3 57.Rg6 Qh8+
58.Rh6 Qe8+ 59.Kg5 Kg3 60.h4 Qe5+ 61.Kg6 Kg4 62.Rh7 Qe4+ 63.Kg7 Kf5 64.Rh6 Qg4+
65.Kf7 Ke5 66.h5 Qd7+ 67.Kf8 Kf5 68.Kg8 Qe8+ 69.Kg7 Qe7+ 70.Kg8 Qg5+ 71.Rg6 Qxh5
72.Rg7 Kf6 73.Rg1 Qe8+ 74.Kh7 Qd7+ 75.Kg8 Qc8+ 76.Kh7 Qc7+ 77.Kg8 Qc8+ 78.Kh7 Qc7+
79.Kg8 Qb8+  0-1

[Event "Malta ol (Men)"]
[Site "La Valetta"]
[Date "1980.??.??"]
[Round "?"]
[White "Specchio"]
[Black "Pountzas, Hrisanthos"]
[Result "0-1"]
[WhiteElo "2200"]
[BlackElo "2305"]

1.e4 c5 2.c3 Nf6 3.e5 Nd5 4.d4 Nc6 5.Nf3 cxd4 6.cxd4 d6 7.Bc4 e6 8.O-O Be7
9.Bxd5 exd5 10.Nc3 dxe5 11.dxe5 Be6 12.Nb5 O-O 13.Be3 Qa5 14.Nbd4 Rac8 15.Qb3 Qa6
16.Rac1 Nb4 17.Rfd1 Bd7 18.Rxc8 Rxc8 19.Ra1 Ba4 20.Qa3 Bf8 21.b3 Nc2  0-1

[Event "WchT U26"]
[Site "Mexico"]
[Date "1980.??.??"]
[Round "?"]
[White "Braga, Cicero"]
[Black "Kochyev, Alexander"]
[Result "1/2-1/2"]
[WhiteElo "2350"]
[BlackElo "2535"]

1.e4 c5 2.c3 Nf6 3.e5 Nd5 4.d4 cxd4 5.Bc4 Nb6 6.Bb3 d5 7.cxd4 Bf5 8.Nc3 e6
9.Nge2 h5 10.Ng3 Bg6 11.f4 h4 12.f5 Bh7 13.fxe6 fxe6 14.Nh5 Nc6 15.O-O Bf5
16.Be3 Qd7 17.Bc2 Bxc2 18.Qxc2 O-O-O 19.Nf4 Nc4 20.Bf2 g5 21.Ng6 Qh7 22.Rac1 Rg8
23.Nxf8 Qxc2 24.Rxc2 Rdxf8 25.b3 Na3 26.Rcc1 Kd7 27.Be3 Rxf1+ 28.Kxf1 Ne7
29.Ke2 Nf5 30.Kd3 h3 31.g4 Nxe3 32.Kxe3 Rc8 33.Ne2 Rxc1 34.Nxc1 Nc2+ 35.Kd3 Ne1+
36.Ke2 Nc2 37.Kd3  1/2-1/2

[Event "ARG-ch"]
[Site "Quilmes"]
[Date "1980.??.??"]
[Round "5"]
[White "Paglilla, Carlos"]
[Black "Panno, Oscar"]
[Result "1/2-1/2"]
[WhiteElo "2300"]
[BlackElo "2540"]

1.e4 c5 2.c3 Nf6 3.e5 Nd5 4.d4 cxd4 5.Qxd4 e6 6.Bc4 Nc6 7.Qe4 Nde7 8.Nf3 Ng6
9.Bb5 Qc7 10.Bxc6 bxc6 11.O-O Be7 12.c4 Bb7 13.Nbd2 c5 14.Qe3 Qc6 15.Re1 O-O
16.Ne4 Qc7 17.Qc3 Bxe4 18.Rxe4 f6 19.exf6 Bxf6 20.Qc2 Ne5 21.Nxe5 Bxe5 22.Rh4 g6
23.Be3 Rf5 24.Rd1 Raf8 25.b3 R8f7 26.Qe4 Bf6 27.Rh3 Bd4 28.Bxd4 cxd4 29.Qxd4 Rxf2
30.Qxf2 Rxf2 31.Kxf2 d5 32.Rhd3 Qxh2 33.cxd5 exd5 34.Rxd5 Qf4+ 35.Kg1 Qe3+
36.Kh2 Qh6+ 37.Kg1 Qe3+ 38.Kh2 Qh6+ 39.Kg3 Qe3+ 40.Kh4 Qe4+ 41.Kh3  1/2-1/2

[Event "Reggio Emilia8081"]
[Site "Reggio Emilia"]
[Date "1980.??.??"]
[Round "7"]
[White "Taruffi, Daniele"]
[Black "Minic, Dragoljub"]
[Result "1/2-1/2"]
[WhiteElo "2200"]
[BlackElo "2405"]

1.e4 c5 2.c3 Nf6 3.e5 Nd5 4.d4 cxd4 5.cxd4 d6 6.Nf3 Nc6 7.Bc4 Nb6 8.Bb5 dxe5
9.Nxe5 Bd7 10.Bxc6 Bxc6 11.Nxc6 bxc6 12.O-O g6 13.Re1 Bg7 14.Bg5 O-O 15.Bxe7 Qxd4
16.Nc3 Qxd1 17.Raxd1 Rfe8  1/2-1/2

[Event "Sochi"]
[Site "Sochi"]
[Date "1980.??.??"]
[Round "4"]
[White "Sveshnikov, Evgeny"]
[Black "Panchenko, Alexander N"]
[Result "1/2-1/2"]
[WhiteElo "2570"]
[BlackElo "2495"]

1.e4 c5 2.c3 Nf6 3.e5 Nd5 4.d4 cxd4 5.Qxd4 e6 6.Nf3 Nc6 7.Qe4 d6 8.Nbd2 dxe5
9.Nxe5 Nxe5 10.Qxe5 Qc7 11.Bb5+ Bd7 12.Bxd7+ Qxd7 13.O-O Qc7 14.Qxc7 Nxc7
15.Ne4 Be7 16.Be3 Nd5 17.Bc5 Bxc5 18.Nxc5 b6 19.Nd3 Rc8 20.Rac1 Ke7 21.c4 Nf6
22.Rfd1 Rhd8 23.Ne5 Nd7 24.Nxd7 Rxd7 25.Rxd7+ Kxd7 26.Rd1+ Ke7 27.b3 a6 28.g3 Rc5
29.Kg2 b5 30.cxb5 Rxb5  1/2-1/2

[Event "CSR-ch"]
[Site "Trnava"]
[Date "1980.??.??"]
[Round "4"]
[White "Nun, Jiri"]
[Black "Sikora Lerch, Jan"]
[Result "1-0"]
[WhiteElo "2370"]
[BlackElo "2410"]

1.e4 c5 2.c3 Nf6 3.e5 Nd5 4.d4 Nc6 5.Nf3 cxd4 6.Bc4 Nb6 7.Bb3 d5 8.exd6 Qxd6
9.O-O g6 10.Ng5 Be6 11.Na3 dxc3 12.Bxe6 fxe6 13.Nb5 Qxd1 14.Rxd1 Rc8 15.Nxe6 Kf7
16.Ng5+ Kg8 17.Nxc3 Bg7 18.Nce4 h6 19.Ne6 Be5 20.f4 Bf6 21.Nxf6+ exf6 22.b3 Kf7
23.Nc5 Rhd8 24.Bb2 Rc7 25.Re1 Rd2 26.Bxf6 Nb4 27.Bc3 Nc2 28.Bxd2 Nxe1 29.Rc1 Nd5
30.Bxe1 Nxf4 31.Rc4  1-0

[Event "Vrbas"]
[Site "Vrbas"]
[Date "1980.??.??"]
[Round "?"]
[White "Kurajica, Bojan"]
[Black "Popovic, Petar"]
[Result "1-0"]
[WhiteElo "2505"]
[BlackElo "2490"]

1.e4 c5 2.c3 Nf6 3.e5 Nd5 4.d4 cxd4 5.Qxd4 e6 6.Nf3 Nc6 7.Qe4 f5 8.exf6 Nxf6
9.Qh4 Qc7 10.Bg5 Be7 11.Nbd2 Ne5 12.Nxe5 Qxe5+ 13.Be2 O-O 14.Qg3 Qxg3 15.hxg3 Bc5
16.f3 d5 17.O-O-O Bd7 18.Bf4 a5 19.Nb3 Bb6 20.Nd4 Rac8 21.Rhe1 Rfe8 22.Bf1 Kf7
23.g4 g6 24.Be5 Ba4 25.b3 Bc6 26.Nxc6 bxc6 27.Ba6 Rcd8 28.Bb7 c5 29.g5 Nd7
30.Bc6 Nxe5 31.Bxe8+ Rxe8 32.Rxe5 Bc7 33.Re2 Bf4+ 34.Kc2 Bxg5 35.Rh1 Kg7
36.c4 Rd8 37.Rxe6 dxc4 38.Rd1 cxb3+ 39.axb3 Rc8 40.Rd7+ Kg8 41.Kc3 Bh6 42.Red6  1-0

[Event "Wroclaw-A"]
[Site "Wroclaw"]
[Date "1980.??.??"]
[Round "1"]
[White "Adamski, Andrzej"]
[Black "Lukin, Andrei M"]
[Result "0-1"]
[WhiteElo "2350"]
[BlackElo "2480"]

1.e4 c5 2.c3 Nf6 3.e5 Nd5 4.d4 cxd4 5.cxd4 d6 6.Nf3 Nc6 7.Nc3 dxe5 8.dxe5 Ndb4
9.a3 Qxd1+ 10.Kxd1 Na6 11.Be3 Nc7 12.Nb5 Nxb5 13.Bxb5 Bd7 14.Rc1 a6 15.Ba4 g6
16.Ke2 Bg7 17.Rhd1 b5 18.Bb3 Nxe5 19.Rc7 Bg4 20.Bd5 Rb8 21.b4 O-O 22.Rxe7 Nc4
23.Bxc4 bxc4 24.Re4 Bxf3+ 25.gxf3 c3 26.Bd4 Rfc8 27.Bxg7 Kxg7 28.Rc1 Rb7
29.Kd3 Rbc7 30.Kc2 Rd7 31.Kb3 c2 32.Re3 Rd2 33.a4 Rxf2 34.h3 Rh2 35.b5 axb5
36.axb5 Rxh3 37.Rxc2 Rb8 38.Kb4 h5 39.Rb3 h4 40.Kc5 Rc8+  0-1

[Event "Wroclaw-A"]
[Site "Wroclaw"]
[Date "1980.??.??"]
[Round "9"]
[White "Nun, Jiri"]
[Black "Lukin, Andrei M"]
[Result "1/2-1/2"]
[WhiteElo "2515"]
[BlackElo "2480"]

1.e4 c5 2.c3 Nf6 3.e5 Nd5 4.d4 cxd4 5.Nf3 Nc6 6.Bc4 Nb6 7.Bb3 d5 8.exd6 Qxd6
9.O-O Bf5 10.Nxd4 Nxd4 11.cxd4 e6 12.Nc3 Be7 13.Qf3 O-O 14.d5 Qc7 15.dxe6 Bxe6
16.Bxe6 fxe6 17.Qe4 Qc6 18.Qxc6 bxc6 19.Re1 Kf7 20.Ne4 Nd5 21.Bd2 Rfb8 22.Rab1 a5
23.Rec1 Ra6 24.Bc3 Nxc3 25.Rxc3 Rab6 26.b3 a4 27.Kf1 axb3 28.Rcxb3 Rxb3 29.Rxb3 Ra8
30.Rb2 Bf6 31.Rc2 Ra4 32.f3 h6 33.Ke2 g6 34.Kd3 c5 35.Nd6+ Ke7 36.Nc4 h5
37.g3  1/2-1/2